[Event "Madrid-chT 1920 Honor"]
[Site "Madrid"]
[Date "2019.11.30"]
[Round "1.4"]
[White "Cabrera Trujillo, Jorge Juan"]
[Black "Suarez Uriel, Adrian"]
[Result "0-1"]
[WhiteElo "2294"]
[BlackElo "2389"]
[PlyCount "104"]
[EventDate "2019.11.24"]
[EventType "team-tourn"]
[EventRounds "12"]
[EventCountry "ESP"]
[SourceTitle "EXT 2021"]
[Source "ChessBase"]
[SourceDate "2020.10.23"]
[SourceVersion "1"]
[SourceVersionDate "2020.10.23"]
[SourceQuality "1"]
[WhiteTeam "Virgen de Atocha"]
[BlackTeam "Collado Villalba"]
[WhiteTeamCountry "ESP"]
[BlackTeamCountry "ESP"]

1. e4 c5 2. Nf3 Nc6 3. d4 cxd4 4. Nxd4 Nf6 5. Nc3 e5 6. Ndb5 d6 7. Bg5 a6 8. Na3 b5 9. Nd5 Be7 10. Bxf6 Bxf6 11. c3 0-0 12. Nc2 Bg5 13. a4 bxa4 14. Rxa4 a5 15. Bc4 Rb8 16. b3 Kh8 17. Nce3 Ne7 18. 0-0 Nxd5 19. Nxd5 f5 20. exf5 Bxf5 21. Qe2 Rb7 22. Rfa1 Rbf7 23. Rxa5 Bg6 24. Ra7 Rxa7 25. Rxa7 e4 26. b4 Qe8 27. b5 Bh5 28. Qe1 Bf7 29. b6 e3 30. f4 Bxd5 31. Bxd5 e2 32. Bf3 Qe3+ 33. Kh1 Bxf4 34. Ra2 Qxb6 35. Rxe2 Be5 36. Re3 Qb2 37. c4 Qc2 38. Re4 Rb8 39. Bd1 Qc1 40. Re3 Rb1 41. Rd3 Qxc4 42. Qf1 h6 43. Qf8+ Kh7 44. Qf5+ Kg8 45. g3 Qc6+ 46. Kg1 Rb2 47. Bf3 Qc5+ 48. Kh1 Rb1+ 49. Kg2 Rb2+ 50. Kh3 Rxh2+ 51. Kg4 h5+ 52. Kg5 Qc1+ 0-1

[Event "ESP-chT CECLUB Div1"]
[Site "Linares"]
[Date "2019.08.31"]
[Round "6.1"]
[White "Cabrera Trujillo, Jorge Juan"]
[Black "Gomez Dieguez, David"]
[Result "0-1"]
[WhiteElo "2308"]
[BlackElo "2296"]
[PlyCount "132"]
[EventDate "2019.08.26"]
[EventType "team-tourn"]
[EventRounds "7"]
[EventCountry "ESP"]
[SourceTitle "EXT 2020"]
[Source "ChessBase"]
[SourceDate "2019.10.17"]
[SourceVersion "1"]
[SourceVersionDate "2019.10.17"]
[SourceQuality "1"]
[WhiteTeam "Virgen de Atocha"]
[BlackTeam "Ourense Deportivo"]
[WhiteTeamCountry "ESP"]
[BlackTeamCountry "ESP"]

1. e4 e5 2. Nf3 Nc6 3. Bb5 g6 4. d4 exd4 5. Nxd4 Bg7 6. Be3 Nf6 7. Nc3 0-0 8. 0-0 Re8 9. h3 Nxd4 10. Bxd4 Nxe4 11. Bxg7 Kxg7 12. Re1 Nxc3 13. Rxe8 Qxe8 14. Qd4+ Kg8 15. Qxc3 c6 16. Re1 Qf8 17. Bd3 d5 18. Qf6 Be6 19. h4 Re8 20. Re5 Bc8 21. Rg5 Re1+ 22. Kh2 Qe7 23. Qf4 Re6 24. Rg3 Qf6 25. Qb8 Re8 26. Re3 Qxh4+ 27. Kg1 Qd8 28. Qxa7 Rxe3 29. Qxe3 Kg7 30. Qe5+ Qf6 31. Qc7 Qe6 32. Kf1 h5 33. b4 b5 34. a4 bxa4 35. Qa7 Qg4 36. f3 Qxb4 37. Qc7 Be6 38. Qe5+ Kf8 39. Bxg6 fxg6 40. Qxe6 Qb1+ 41. Kf2 Qxc2+ 42. Kg3 a3 43. Qd6+ Ke8 44. Qxa3 Kd7 45. Qa7+ Kd6 46. Qb8+ Kc5 47. Qa7+ Kc4 48. Qa6+ Kd4 49. Qa1+ Kd3 50. Qf1+ Kc3 51. Qe1+ Kc4 52. Qf1+ Kc5 53. Qa6 d4 54. Qa5+ Kc4 55. Qa6+ Kd5 56. Qc8 c5 57. Qg8+ Kc6 58. Qe8+ Kb6 59. Qb8+ Ka5 60. Qa7+ Kb5 61. Qb7+ Kc4 62. Qa6+ Kc3 63. Qa3+ Kd2 64. Qa5+ Ke2 65. Qa6+ c4 66. Qe6+ Kf1 0-1

[Event "ESP-chT CECLUB Div1"]
[Site "Linares"]
[Date "2019.08.27"]
[Round "2.1"]
[White "Cabrera Trujillo, Jorge Juan"]
[Black "Cori Tello, Deysi Estella"]
[Result "1/2-1/2"]
[WhiteElo "2308"]
[BlackElo "2400"]
[PlyCount "81"]
[EventDate "2019.08.26"]
[EventType "team-tourn"]
[EventRounds "7"]
[EventCountry "ESP"]
[SourceTitle "EXT 2020"]
[Source "ChessBase"]
[SourceDate "2019.10.17"]
[SourceVersion "1"]
[SourceVersionDate "2019.10.17"]
[SourceQuality "1"]
[WhiteTeam "Virgen de Atocha"]
[BlackTeam "Oromana Schneider Electric"]
[WhiteTeamCountry "ESP"]
[BlackTeamCountry "ESP"]

1. e4 c5 2. Nf3 e6 3. d4 cxd4 4. Nxd4 Nc6 5. Nc3 Qc7 6. Be3 a6 7. Bd3 Nf6 8. 0-0 Be7 9. Kh1 d6 10. f4 0-0 11. Qf3 Bd7 12. Rae1 Rac8 13. Nxc6 Bxc6 14. Qh3 Rfe8 15. Bd4 e5 16. fxe5 dxe5 17. Nd5 Qd7 18. Qxd7 Nxd7 19. Nxe7+ Rxe7 20. Bc3 Bb5 21. Bb4 Re6 22. Kg1 h6 23. h3 Rb6 24. Bc3 Bxd3 25. cxd3 Nc5 26. Re3 Rd6 27. Bxe5 Rxd3 28. Rxd3 Nxd3 29. Bc3 Nc5 30. Re1 Na4 31. Re3 Rc4 32. Kf2 b5 33. b3 Rxc3 34. bxa4 Rc2+ 35. Re2 Rc4 36. axb5 axb5 37. Rb2 Rxe4 38. Rxb5 Ra4 39. Rb2 Ra3 40. Ke2 f5 41. Kd2 1/2-1/2

[Event "Madrid-chT 1819"]
[Site "Madrid"]
[Date "2019.03.17"]
[Round "14.3"]
[White "Martin Rueda, Daniel"]
[Black "Cabrera Trujillo, Jorge Juan"]
[Result "1-0"]
[WhiteElo "2265"]
[BlackElo "2320"]
[PlyCount "73"]
[EventDate "2018.11.17"]
[EventType "team-tourn"]
[EventRounds "14"]
[EventCountry "ESP"]
[SourceTitle "CBM 189 Extra"]
[Source "ChessBase"]
[SourceDate "2019.06.03"]
[SourceVersion "1"]
[SourceVersionDate "2019.06.03"]
[SourceQuality "1"]
[WhiteTeam "Liberty Chess"]
[BlackTeam "Virgen de Atocha"]
[WhiteTeamCountry "ESP"]
[BlackTeamCountry "ESP"]

1. d4 Nf6 2. Bg5 Ne4 3. Bf4 d5 4. e3 c5 5. Bd3 Qb6 6. Bxe4 dxe4 7. Nc3 Bf5 8. Nd5 Qg6 9. Nc7+ Kd7 10. dxc5+ Kc8 11. Nxa8 e5 12. Bg3 Nc6 13. Ne2 Bxc5 14. Qd5 Bb4+ 15. c3 Be7 16. 0-0-0 Be6 17. Qb5 f6 18. Rd2 Kb8 19. Nd4 Nxd4 20. cxd4 Rc8+ 21. Kb1 Bc4 22. Qd7 Bd3+ 23. Ka1 Qe8 24. Qxe8 Rxe8 25. dxe5 Kxa8 26. a3 b5 27. Rhd1 Rd8 28. f3 f5 29. fxe4 fxe4 30. Rc1 Kb7 31. Rf2 Rf8 32. Rxf8 Bxf8 33. Bh4 h6 34. Bd8 Bc4 35. Rxc4 bxc4 36. e6 c3 37. bxc3 1-0

[Event "Madrid-chT 1819"]
[Site "Madrid"]
[Date "2019.03.10"]
[Round "13.5"]
[White "Cabrera Trujillo, Jorge Juan"]
[Black "Ortega Ruiz, Jose Miguel"]
[Result "1/2-1/2"]
[WhiteElo "2320"]
[BlackElo "2291"]
[PlyCount "71"]
[EventDate "2018.11.17"]
[EventType "team-tourn"]
[EventRounds "14"]
[EventCountry "ESP"]
[SourceTitle "CBM 189 Extra"]
[Source "ChessBase"]
[SourceDate "2019.06.03"]
[SourceVersion "1"]
[SourceVersionDate "2019.06.03"]
[SourceQuality "1"]
[WhiteTeam "Virgen de Atocha"]
[BlackTeam "Collado Villalba"]
[WhiteTeamCountry "ESP"]
[BlackTeamCountry "ESP"]

1. e4 e5 2. Nf3 Nc6 3. Bb5 a6 4. Ba4 Nf6 5. 0-0 Be7 6. Re1 b5 7. Bb3 d6 8. c3 Na5 9. Bc2 c5 10. h3 0-0 11. d4 Qc7 12. Nbd2 cxd4 13. cxd4 Nc6 14. Nb3 a5 15. Be3 a4 16. Nbd2 Nb4 17. Bb1 Nd7 18. a3 Nc6 19. Bd3 Ba6 20. Qe2 Qb7 21. b3 exd4 22. Nxd4 Nde5 23. Nxc6 Qxc6 24. Rac1 Qd7 25. b4 Rac8 26. f4 Nxd3 27. Qxd3 Rxc1 28. Rxc1 Rc8 29. Rxc8+ Bxc8 30. Nf3 Bf6 31. Bd4 Be7 32. Bc3 Bd8 33. Nd4 Bb6 34. Kh2 Bxd4 35. Bxd4 f6 36. Qg3 1/2-1/2

[Event "Madrid-chT 1819"]
[Site "Madrid"]
[Date "2019.02.17"]
[Round "10.4"]
[White "Cabrera Trujillo, Jorge Juan"]
[Black "Ballester Llagaria, Luis Eduardo"]
[Result "1/2-1/2"]
[WhiteElo "2322"]
[BlackElo "2300"]
[PlyCount "59"]
[EventDate "2018.11.17"]
[EventType "team-tourn"]
[EventRounds "14"]
[EventCountry "ESP"]
[SourceTitle "CBM 189 Extra"]
[Source "ChessBase"]
[SourceDate "2019.06.03"]
[SourceVersion "1"]
[SourceVersionDate "2019.06.03"]
[SourceQuality "1"]
[WhiteTeam "Virgen de Atocha"]
[BlackTeam "Blanco y Negro"]
[WhiteTeamCountry "ESP"]
[BlackTeamCountry "ESP"]

1. d4 d5 2. Nf3 Nf6 3. c4 dxc4 4. e3 e6 5. Bxc4 a6 6. 0-0 b5 7. Bb3 Bb7 8. Qe2 Nbd7 9. a4 b4 10. Nbd2 c5 11. Nc4 Be7 12. Rd1 Qc7 13. a5 0-0 14. Nfe5 Rac8 15. Bd2 cxd4 16. exd4 Bd5 17. Rac1 Qb7 18. Bg5 Bxg2 19. Nxd7 Bf3 20. Qd3 Bxd1 21. Bxf6 Bxb3 22. Bxe7 Qxd7 23. Bxf8 Bxc4 24. Rxc4 Kxf8 25. Qc2 Rxc4 26. Qxc4 Qd6 27. Qc8+ Ke7 28. Qb7+ Ke8 29. Qc8+ Ke7 30. Qb7+ 1/2-1/2

[Event "La Palma Island op"]
[Site "Santa Cruz de La Palma"]
[Date "2018.08.14"]
[Round "6"]
[White "Rychagov, Andrey"]
[Black "Cabrera Trujillo, Jorge Juan"]
[Result "1-0"]
[WhiteElo "2539"]
[BlackElo "2331"]
[PlyCount "59"]
[EventDate "2018.08.10"]
[EventType "swiss"]
[EventRounds "10"]
[EventCountry "ESP"]
[SourceTitle "CBM 186 Extra"]
[Source "ChessBase"]
[SourceDate "2018.08.24"]
[SourceVersion "1"]
[SourceVersionDate "2018.08.24"]
[SourceQuality "1"]

1. d4 Nf6 2. c4 g6 3. Nf3 Bg7 4. g3 0-0 5. Bg2 d6 6. 0-0 Nbd7 7. Nc3 e5 8. e4 exd4 9. Nxd4 Re8 10. h3 Nc5 11. Re1 Bd7 12. Rb1 a5 13. b3 Qe7 14. Ba3 Qe5 15. Ndb5 Bxb5 16. Nxb5 Rac8 17. f4 Qe6 18. Bxc5 dxc5 19. e5 Nh5 20. Qf3 Bh6 21. Kh2 Qe7 22. Qxb7 Nxf4 23. gxf4 Bxf4+ 24. Kh1 Bxe5 25. Qf3 c6 26. Nc3 f5 27. Re2 Qf6 28. Rbe1 Re6 29. Na4 Qe7 30. Qf2 1-0

[Event "La Palma Island op"]
[Site "Santa Cruz de La Palma"]
[Date "2018.08.12"]
[Round "3"]
[White "Cabrera Trujillo, Jorge Juan"]
[Black "Hernandez Leon, Sergio"]
[Result "0-1"]
[WhiteElo "2331"]
[BlackElo "2130"]
[PlyCount "66"]
[EventDate "2018.08.10"]
[EventType "swiss"]
[EventRounds "10"]
[EventCountry "ESP"]
[SourceTitle "CBM 186 Extra"]
[Source "ChessBase"]
[SourceDate "2018.08.24"]
[SourceVersion "1"]
[SourceVersionDate "2018.08.24"]
[SourceQuality "1"]

1. Nf3 Nf6 2. g3 e6 3. c4 d5 4. b3 Be7 5. Bb2 0-0 6. Bg2 b6 7. 0-0 c5 8. cxd5 Nxd5 9. d4 Bb7 10. Nbd2 Nc6 11. Ne4 f5 12. Ned2 cxd4 13. Nxd4 Nxd4 14. Bxd4 Rc8 15. Rc1 Bf6 16. Rxc8 Qxc8 17. Nc4 Rd8 18. Bxf6 gxf6 19. Qa1 Kg7 20. a4 Nb4 21. Bxb7 Qxb7 22. Qc3 Nc6 23. Qf3 Qd7 24. Rc1 Nd4 25. Qe3 e5 26. Kg2 f4 27. gxf4 exf4 28. Qh3 Qd5+ 29. f3 Nxb3 30. Rc3 Kh8 31. Qh6 Rg8+ 32. Kh3 Qd7+ 33. Kh4 Qd4 0-1

[Event "Tenerife-chT Preferente 1718"]
[Site "Tenerife"]
[Date "2018.01.27"]
[Round "8.2"]
[White "Hernandez Leon, Sergio"]
[Black "Cabrera Trujillo, Jorge Juan"]
[Result "1/2-1/2"]
[WhiteElo "2109"]
[BlackElo "2337"]
[PlyCount "79"]
[EventDate "2017.11.11"]
[EventType "team-tourn"]
[EventRounds "14"]
[EventCountry "ESP"]
[SourceTitle "EXT 2019"]
[Source "ChessBase"]
[SourceDate "2018.10.10"]
[SourceVersion "1"]
[SourceVersionDate "2018.10.10"]
[SourceQuality "1"]
[WhiteTeam "Ebano Casa Venezuela"]
[BlackTeam "Fundacion La Caja de Canarias"]
[WhiteTeamCountry "ESP"]
[BlackTeamCountry "ESP"]

1. d4 d5 2. c4 c6 3. Nf3 Nf6 4. Qc2 g6 5. Bf4 Bf5 6. Qb3 Qb6 7. c5 Qxb3 8. axb3 Na6 9. Bd2 Bg7 10. e3 0-0 11. Ne5 Nc7 12. f3 Nd7 13. Nxd7 Bxd7 14. Bd3 e5 15. dxe5 Bxe5 16. Bc3 Rfe8 17. Kf2 Ne6 18. b4 Bc7 19. Nd2 b6 20. Nb3 a5 21. cxb6 Bxb6 22. bxa5 Bxe3+ 23. Kxe3 Nc5+ 24. Kf2 Nxd3+ 25. Kg3 Reb8 26. Ra3 c5 27. Rd1 c4 28. Nc1 Bb5 29. Ne2 Ba6 30. Nf4 Rd8 31. Nxd3 cxd3 32. Bd4 Re8 33. Rd2 Rab8 34. Bb6 Rbc8 35. Rc3 Rxc3 36. bxc3 f5 37. Kf2 Rc8 38. Bd4 Rc4 39. Rxd3 Ra4 40. Rd2 1/2-1/2

[Event "Canarias-chT"]
[Site "San Cristobal de La Laguna"]
[Date "2017.06.24"]
[Round "4.2"]
[White "Kraus, Oliver"]
[Black "Cabrera Trujillo, Jorge Juan"]
[Result "0-1"]
[WhiteElo "2019"]
[BlackElo "2344"]
[PlyCount "46"]
[EventDate "2017.06.22"]
[EventType "team-swiss"]
[EventRounds "6"]
[EventCountry "ESP"]
[SourceTitle "EXT 2024"]
[Source "ChessBase"]
[SourceDate "2023.10.10"]
[SourceVersion "1"]
[SourceVersionDate "2023.10.10"]
[SourceQuality "1"]
[WhiteTeam "Rey Ahogado"]
[BlackTeam "Fundacion La Caja de Canarias"]
[WhiteTeamCountry "ESP"]
[BlackTeamCountry "ESP"]

1. d4 Nf6 2. Nf3 g6 3. c4 Bg7 4. Nc3 0-0 5. e4 d6 6. Be2 e5 7. d5 Na6 8. Bg5 h6 9. Bh4 g5 10. Bg3 Nxe4 11. Nxe4 f5 12. Nc3 f4 13. h4 fxg3 14. fxg3 e4 15. Nxe4 Qe7 16. Nfd2 Bf5 17. Bg4 Nc5 18. Bxf5 Rxf5 19. Qg4 Nxe4 20. Qxf5 Nxg3+ 21. Qe6+ Qxe6+ 22. dxe6 Nxh1 23. 0-0-0 Nf2 0-1

[Event "Canarias-chT"]
[Site "San Cristobal de La Laguna"]
[Date "2017.06.22"]
[Round "1.2"]
[White "Cabrera Trujillo, Jorge Juan"]
[Black "Calvo Nobrega, Joaquin Manuel"]
[Result "1-0"]
[WhiteElo "2344"]
[BlackElo "1652"]
[PlyCount "93"]
[EventDate "2017.06.22"]
[EventType "team-swiss"]
[EventRounds "6"]
[EventCountry "ESP"]
[SourceTitle "EXT 2024"]
[Source "ChessBase"]
[SourceDate "2023.10.10"]
[SourceVersion "1"]
[SourceVersionDate "2023.10.10"]
[SourceQuality "1"]
[WhiteTeam "Fundacion La Caja de Canarias"]
[BlackTeam "Circulo de Amistad XII Enero"]
[WhiteTeamCountry "ESP"]
[BlackTeamCountry "ESP"]

1. d4 Nf6 2. c4 g6 3. Nc3 d5 4. Nf3 Bg7 5. g3 0-0 6. Bg2 c6 7. 0-0 Nbd7 8. cxd5 cxd5 9. Qb3 e6 10. a4 Nb6 11. a5 Nc4 12. Qa2 Bd7 13. b3 Nd6 14. Ba3 Bc6 15. Ne5 Re8 16. Nxc6 bxc6 17. Rac1 Qd7 18. Rfd1 Rab8 19. e3 Nb5 20. Bf1 Nxa3 21. Qxa3 Bf8 22. Qa2 Qb7 23. Rb1 Bb4 24. a6 Qc7 25. Rdc1 Rec8 26. Na4 Ne4 27. Rc2 Qa5 28. Rbc1 c5 29. Bd3 Nd6 30. Nxc5 Qxa2 31. Rxa2 Nb5 32. Bxb5 Rxb5 33. Nd3 Rc3 34. Rxc3 Bxc3 35. Ne5 Ba5 36. Nc6 Bb6 37. b4 Kf8 38. Rc2 Ke8 39. g4 f6 40. h4 h6 41. f4 Kd7 42. g5 fxg5 43. fxg5 hxg5 44. hxg5 Ke8 45. Rh2 Kf8 46. Rh8+ Kg7 47. Re8 1-0

[Event "Tenerife-chT Preferente 1617"]
[Site "Tenerife"]
[Date "2017.04.08"]
[Round "12.2"]
[White "Almenares Garcia, Mario Adrian"]
[Black "Cabrera Trujillo, Jorge Juan"]
[Result "0-1"]
[WhiteElo "2077"]
[BlackElo "2348"]
[PlyCount "120"]
[EventDate "2016.12.10"]
[EventType "team-tourn"]
[EventRounds "14"]
[EventCountry "ESP"]
[SourceTitle "EXT 2018"]
[Source "ChessBase"]
[SourceDate "2017.10.13"]
[SourceVersion "1"]
[SourceVersionDate "2017.10.13"]
[SourceQuality "1"]
[WhiteTeam "El Sauzal"]
[BlackTeam "Cajacanarias"]
[WhiteTeamCountry "ESP"]
[BlackTeamCountry "ESP"]

1. e4 g6 2. Nf3 Bg7 3. d4 d6 4. Bb5+ c6 5. Bd3 Nf6 6. Nbd2 0-0 7. 0-0 Nbd7 8. Re1 e5 9. c3 Re8 10. dxe5 dxe5 11. Qe2 Nc5 12. Bc2 Nh5 13. Nc4 Qc7 14. Be3 Bf8 15. b4 Ne6 16. g3 b6 17. Rad1 Bb7 18. Nfxe5 Rad8 19. Rxd8 Nxd8 20. Rd1 b5 21. Rd7 Qc8 22. Rxd8 Qxd8 23. Na5 Rxe5 24. Nxb7 Qc7 25. Nc5 Bxc5 26. Bxc5 Ng7 27. Bd4 Re8 28. Bb3 Nf5 29. Bc5 Ng7 30. Qe3 a6 31. f4 Ne6 32. Bb6 Qe7 33. h4 c5 34. bxc5 Rc8 35. Bxe6 Qxe6 36. Qd4 Qxa2 37. h5 Qc4 38. Qe5 Qe6 39. Qd5 Qh3 40. Kf2 Qh2+ 41. Kf1 Qxg3 42. hxg6 Qxf4+ 43. Kg1 Qg4+ 44. Kf2 Qxg6 45. Bd8 h6 46. Be7 Qe6 47. Bd6 Qf6+ 48. Ke2 Qxc3 49. Qf5 Qc4+ 50. Ke3 Qe6 51. Qf4 a5 52. Qg3+ Kh7 53. Qe1 a4 54. Qa5 Qb3+ 55. Kf4 Rg8 56. Ke5 Re8+ 57. Kf4 Qb1 58. e5 Qf1+ 59. Ke3 Rg8 60. e6 Rg2 0-1

[Event "Tenerife-chT Preferente 1617"]
[Site "Tenerife"]
[Date "2017.04.01"]
[Round "11.2"]
[White "Cabrera Trujillo, Jorge Juan"]
[Black "Mendivil Anton, Daniel"]
[Result "1/2-1/2"]
[WhiteElo "2348"]
[BlackElo "2233"]
[PlyCount "61"]
[EventDate "2016.12.10"]
[EventType "team-tourn"]
[EventRounds "14"]
[EventCountry "ESP"]
[SourceTitle "EXT 2018"]
[Source "ChessBase"]
[SourceDate "2017.10.13"]
[SourceVersion "1"]
[SourceVersionDate "2017.10.13"]
[SourceQuality "1"]
[WhiteTeam "Cajacanarias"]
[BlackTeam "Casa de Venezuela Ebano"]
[WhiteTeamCountry "ESP"]
[BlackTeamCountry "ESP"]

1. d4 f5 2. g3 Nf6 3. Bg2 g6 4. c4 Bg7 5. Nc3 c6 6. Nh3 d6 7. 0-0 0-0 8. d5 e5 9. dxe6 Bxe6 10. b3 Na6 11. Bb2 Qe7 12. Qc2 Rad8 13. Rad1 Rfe8 14. Rfe1 Nc5 15. Ng5 Ng4 16. Nxe6 Nxe6 17. h3 Nf6 18. e3 Nc5 19. Re2 h5 20. h4 Ng4 21. e4 f4 22. e5 fxg3 23. fxg3 Nxe5 24. Ne4 Nxe4 25. Bxe4 Kh8 26. Bxg6 Nf3+ 27. Kf1 Qxe2+ 28. Qxe2 Rxe2 29. Kxe2 Nxh4 30. gxh4 Bxb2 31. Bxh5 1/2-1/2

[Event "Tenerife-chT Preferente 1617"]
[Site "Tenerife"]
[Date "2017.03.25"]
[Round "10.2"]
[White "Martinez Rojas, Carlos Jose"]
[Black "Cabrera Trujillo, Jorge Juan"]
[Result "0-1"]
[WhiteElo "1936"]
[BlackElo "2348"]
[PlyCount "88"]
[EventDate "2016.12.10"]
[EventType "team-tourn"]
[EventRounds "14"]
[EventCountry "ESP"]
[SourceTitle "EXT 2018"]
[Source "ChessBase"]
[SourceDate "2017.10.13"]
[SourceVersion "1"]
[SourceVersionDate "2017.10.13"]
[SourceQuality "1"]
[WhiteTeam "Al Shah Mat Los Realejos II"]
[BlackTeam "Cajacanarias"]
[WhiteTeamCountry "ESP"]
[BlackTeamCountry "ESP"]

1. Nc3 d5 2. e4 d4 3. Nce2 e5 4. Nf3 Nc6 5. Ng3 h5 6. Bb5 h4 7. Ne2 Qd6 8. h3 Bd7 9. 0-0 Nge7 10. d3 a6 11. Ba4 f6 12. c3 g5 13. cxd4 exd4 14. e5 Nxe5 15. Nxe5 fxe5 16. Bxd7+ Qxd7 17. Bxg5 0-0-0 18. Rc1 Bh6 19. Bxe7 Qxe7 20. Rc4 Rhg8 21. Nc1 Rg6 22. Kh1 Rdg8 23. Rg1 Qf7 24. Qe2 Qf5 25. Qf1 Rf6 26. Rc2 Rg3 27. Nb3 Rxd3 28. Nc5 Rxh3+ 29. gxh3 Qxc2 30. Rg8+ Bf8 31. b4 Qxf2 32. Qxf2 Rxf2 33. Ne6 Kd7 34. Nxf8+ Kd6 35. Ng6 Rxa2 36. Nxh4 e4 37. Rg6+ Kd5 38. Rg5+ Kc4 39. Rg7 Kxb4 40. Rg4 Re2 41. Ng2 d3 42. Nf4 Re1+ 43. Rg1 d2 44. Nd5+ Kc4 0-1

[Event "Tenerife-chT Preferente 1617"]
[Site "Tenerife"]
[Date "2017.03.18"]
[Round "9.2"]
[White "Cabrera Trujillo, Jorge Juan"]
[Black "Abreu Suarez, Isauro"]
[Result "1-0"]
[WhiteElo "2348"]
[BlackElo "2038"]
[PlyCount "65"]
[EventDate "2016.12.10"]
[EventType "team-tourn"]
[EventRounds "14"]
[EventCountry "ESP"]
[SourceTitle "EXT 2018"]
[Source "ChessBase"]
[SourceDate "2017.10.13"]
[SourceVersion "1"]
[SourceVersionDate "2017.10.13"]
[SourceQuality "1"]
[WhiteTeam "Cajacanarias"]
[BlackTeam "Canarias 64"]
[WhiteTeamCountry "ESP"]
[BlackTeamCountry "ESP"]

1. d4 d5 2. c4 e6 3. Nf3 Nf6 4. g3 c5 5. cxd5 exd5 6. Bg2 Nc6 7. 0-0 Be7 8. Nc3 0-0 9. Be3 b6 10. Rc1 Bb7 11. dxc5 bxc5 12. Na4 d4 13. Bg5 Ne4 14. Bxe7 Qxe7 15. Nd2 Nb4 16. Nxe4 Bxe4 17. Bxe4 Qxe4 18. Nxc5 Qd5 19. a3 Nc6 20. Qd3 Rfe8 21. Rfd1 Qh5 22. Rd2 Rad8 23. Qf3 Qh6 24. Qf4 g5 25. Qf5 Re5 26. Qf3 Rdd5 27. Rdc2 d3 28. Nxd3 Nd4 29. Qg4 Rxe2 30. Rc8+ Kg7 31. Nf4 Rde5 32. Nh5+ Qxh5 33. Qxh5 1-0

[Event "Canarias-chT"]
[Site "Arrecife de Lanzarote"]
[Date "2016.06.24"]
[Round "3.3"]
[White "Castaneda Castillo, Eder"]
[Black "Cabrera Trujillo, Jorge Juan"]
[Result "0-1"]
[WhiteElo "1880"]
[BlackElo "2348"]
[PlyCount "72"]
[EventDate "2016.06.23"]
[EventType "team-swiss"]
[EventRounds "6"]
[EventCountry "ESP"]
[SourceTitle "EXT 2021"]
[Source "ChessBase"]
[SourceDate "2020.10.23"]
[SourceVersion "1"]
[SourceVersionDate "2020.10.23"]
[SourceQuality "1"]
[WhiteTeam "Brenadrez"]
[BlackTeam "Fundacion La Caja de Canarias"]
[WhiteTeamCountry "ESP"]
[BlackTeamCountry "ESP"]

1. e4 c5 2. Nf3 d6 3. c3 Nf6 4. Qc2 Nc6 5. a3 Bg4 6. Be2 Rc8 7. 0-0 g6 8. d3 Bxf3 9. Bxf3 Bg7 10. Be3 0-0 11. Nd2 Nd4 12. Qd1 Nxf3+ 13. Nxf3 Qc7 14. Qc1 Rfd8 15. Re1 c4 16. dxc4 Nxe4 17. Bh6 Nc5 18. Bxg7 Kxg7 19. Qe3 e5 20. Nd2 b6 21. Rad1 f5 22. g3 Qf7 23. b4 Ne6 24. Nf3 e4 25. Nd2 Qf6 26. f3 d5 27. cxd5 Rxc3 28. Qe2 Nd4 29. Qa6 e3 30. Nb1 Nxf3+ 31. Kh1 Nxe1 32. Qxa7+ Kh6 33. Nxc3 Qxc3 34. Qe7 Nf3 35. Qxd8 Qc2 36. Qf8+ Kh5 0-1

[Event "Tenerife-chT Preferente 1516"]
[Site "Tenerife"]
[Date "2016.04.30"]
[Round "14.2"]
[White "Mendivil Anton, Daniel"]
[Black "Cabrera Trujillo, Jorge Juan"]
[Result "0-1"]
[WhiteElo "2278"]
[BlackElo "2352"]
[PlyCount "76"]
[EventDate "2015.12.12"]
[EventType "team-tourn"]
[EventRounds "14"]
[EventCountry "ESP"]
[SourceTitle "EXT 2017"]
[Source "ChessBase"]
[SourceDate "2016.10.25"]
[SourceVersion "1"]
[SourceVersionDate "2016.10.25"]
[SourceQuality "1"]
[WhiteTeam "Casa de Venezuela Ebano"]
[BlackTeam "Cajacanarias"]
[WhiteTeamCountry "ESP"]
[BlackTeamCountry "ESP"]

1. d4 g6 2. e4 Bg7 3. Nc3 d6 4. Be3 Nf6 5. Qd2 Nbd7 6. f3 c6 7. 0-0-0 b5 8. Bh6 Bxh6 9. Qxh6 b4 10. Nce2 Qa5 11. Kb1 Ba6 12. Nh3 Nb6 13. Nc1 Bxf1 14. Rhxf1 Qh5 15. Qd2 0-0 16. Nf4 Qb5 17. Nfd3 a5 18. g4 Rfb8 19. h4 Nc4 20. Qg5 Qb6 21. Ne1 a4 22. Rd3 Kg7 23. Ne2 b3 24. cxb3 axb3 25. axb3 Qa6 26. Kc2 Nxb2 27. Re3 Nc4 28. Rc3 Qa2+ 29. Kd3 Nb2+ 30. Kd2 h6 31. Qf4 e5 32. Qh2 Nc4+ 33. Kd3 Qd2+ 34. Kxc4 d5+ 35. Kc5 exd4 36. Qe5 dxe4 37. Qxd4 Qxe2 38. Nd3 exd3 0-1

[Event "Tenerife-chT Preferente 1516"]
[Site "Tenerife"]
[Date "2016.04.16"]
[Round "13.2"]
[White "Cabrera Trujillo, Jorge Juan"]
[Black "Canovas Pordomingo, Miguel Angel"]
[Result "1-0"]
[WhiteElo "2352"]
[BlackElo "2014"]
[PlyCount "115"]
[EventDate "2015.12.12"]
[EventType "team-tourn"]
[EventRounds "14"]
[EventCountry "ESP"]
[SourceTitle "EXT 2017"]
[Source "ChessBase"]
[SourceDate "2016.10.25"]
[SourceVersion "1"]
[SourceVersionDate "2016.10.25"]
[SourceQuality "1"]
[WhiteTeam "Cajacanarias"]
[BlackTeam "Canarias 64"]
[WhiteTeamCountry "ESP"]
[BlackTeamCountry "ESP"]

1. Nf3 f5 2. g3 Nf6 3. Bg2 e6 4. 0-0 d5 5. d3 Be7 6. Nbd2 0-0 7. Re1 Bc5 8. h3 h6 9. e3 Nc6 10. Qe2 Qe8 11. e4 fxe4 12. dxe4 Qg6 13. Nb3 Bb6 14. e5 Ne4 15. Be3 Bxe3 16. Qxe3 Qf7 17. Rad1 Nb4 18. Re2 b6 19. c3 Nc6 20. Nfd4 Nxe5 21. Bxe4 dxe4 22. Qxe4 Nf3+ 23. Nxf3 Qxf3 24. Qxf3 Rxf3 25. Nd4 Rf6 26. Nc6 Ba6 27. Red2 Raf8 28. Nxa7 Bc4 29. b3 Bd5 30. Nb5 c6 31. Nd4 e5 32. Nc2 Bf3 33. Re1 e4 34. Re3 Ra8 35. Nd4 c5 36. Nxf3 Rxf3 37. Rxf3 exf3 38. g4 Re8 39. Rd6 Re2 40. a4 Rb2 41. Rxb6 c4 42. b4 Rb3 43. a5 Rxc3 44. a6 Ra3 45. b5 c3 46. Rc6 Kf8 47. Kh2 Ke8 48. Kg3 Kd8 49. Kxf3 c2+ 50. Kf4 Ra5 51. Rxc2 Rxb5 52. Ra2 Rb8 53. a7 Ra8 54. Kf5 Ke7 55. Kg6 Kf8 56. Ra5 Kg8 57. f4 Kf8 58. Rf5+ 1-0